| 000 | 00843nab a2200253 u 4500 | ||
|---|---|---|---|
| 001 | 11342 | ||
| 003 | HDC | ||
| 007 | cr bn ---aaaaa | ||
| 008 | 210207b2015mmddmy d||no |||| 00| 0 eng d | ||
| 040 | _aHDC | ||
| 100 |
_aZunaira Saieed _911641 |
||
| 245 | 0 |
_aBrahim's aborts plan to buy Burger King ops in M'sia, S'pore / _cZunaira Saieed |
|
| 260 |
_aMalaysia: _bStar Media Group, _c2015 |
||
| 300 | _a1 online resource | ||
| 336 |
_atext _2rdacontent |
||
| 337 |
_acomputer _2rdamedia |
||
| 338 |
_aonline resource _2rdacarrier |
||
| 650 |
_aFood industry and trade _9140 |
||
| 710 | _aThe Star Online | ||
| 856 | _zRequest full-text at [email protected] | ||
| 942 | _2lcc | ||
| 942 | _cNEWS | ||
| 942 | _kNWSO 000651 | ||
| 999 |
_c8665 _d8665 |
||